00689nam a2200181 i 450000100060000000300090000600700030001500800410001810000320005924501150009126000340020630000330024070000290027370000350030285200320033799900170036995201210038690615ES-MaACLt|050121s1981 sp ||||1| spa d1 aLehninger, Albert L.97135210aCurso breve de bioquímica / cAlbert L. Lehninger ; [traducido por Jorge Bozal Fes y Fernando Calvet Prats]. aBarcelona : bOmega, c[1981] aX, 447 p. : bil. ; c25 cm.1 aBozal Fes, Jorge.9312091 aCalvet Prats, Fernando.933817 aES-MaACLjL-4608 bR.105255 c90615d90615 00104070aATENEOMbATENEOMcDEPO2d2008-01-17eSCl0oL-4608p1094620r2023-02-23 00:00:00w2023-02-23yMONOGRAFIA